Регионална библиотека "Любен Каравелов" - Русе

Политическа психология (Запис номер 155204)

MARC детайли
000 -Лидер
Контролно поле с фиксирана дължина 01424nam a2200385 c 4500
003 - Код на организацията, давaща контролен номер
Контролно поле BLK
005 - Дата и час на последна редакция
Контролно поле 20240426105257.0
008 - Елементи от данни с фиксирана дължина
fixed length control field 180410b bul|||||r ||||||| ||bul||
010 ## - Наследен системен номер
LC control number KNG00161878000
020 ## - Международен стандартен номер на книга ISBN
Международен стандартен номер на книга ISBN 978-954-8898-41-6
040 ## - Източник на каталожния запис
Идентификатор на билиотеката - собственик на записа BLK
041 ## - Код за език
Код за езика на текст/звукозапис или на отделно заглавие Български
Код за езика КДБФ Български
072 #7 - Код за тематичната категория
Код организация bullib
Код за тематична категория Н32
Текст Политика Н
080 ## - УДК
Текстов определител УДК Политика. Вж и 341 ; 342
УДК код - определител по УДК 32:159.9
УДК определител :159.9
УДК - код + определител 32:159.9
100 1# - Редна дума - Автор
Автор Льобон, Густав
Авторска отговорност първи автор
R(LIN) 90087
139 ## - Редно поле
Редна дума Льобон, Густав
Авторски знак Лъч - Л 94
245 10 - Сведения за заглавието
Заглавие Политическа психология
Редно поле (дума) Густав Льобон; адапт. Нели Влахова.
250 ## - Област на изданието
Сведения за изданието Ново изд.
257 ## - Страна на издаване
Страна на създаване/издаване Франция
260 ## - Област на издателските данни
Име на издателя, разпространителя и проч. Асеневци
Година на издаване 2014
300 ## - Физическа характеристика
Страници 304 с.
Размери/Мащаб 20 см
380 ## - Жанр
Жанр Обществени науки
500 ## - Общи забележки
Забележка Без сведение за ориг. загл. - 1. изд. 1940 в библ. Съвременна философия и история ; № 2. - Съдържа и за авт.
650 #4 - Допълнително описание по предмет – тема
Основно описание – тема или топоним Психология, политическа
9 (RLIN) 275337
653 ## - Ключова дума – ненормативна
Ключова дума политическа психология
659 ## - Тематичен бюлетин
Тематичен бюлетин Н
700 1# - Други автори (авторска отговорност)
Лично име Влахова, Нели
Автороска отговорност (Описва отношението между автора и произведението) адапт.
9 (RLIN) 332740
852 ## - Местоположение
Форматна сигнатура Цб 269265
856 4# - Електронен адрес и достъп
Електронен формат pdf - файл
856 4# - Електронен адрес и достъп
Електронен формат pdf - файл
999 ## - СИСТЕМНИ КОНТРОЛНИ НОМЕРА
Koha biblionumber 155204
Koha biblioitemnumber 155204
942 ## - АРТИКУЛИ
Вид на библиотечния материал Книги
Скрит в OPAC Не
Периодичен библиозапис Да
Koha issues (borrowed), all copies 2
944 ## - СЪЗДАВАНЕ И РЕДАКЦИЯ на ЗАПИСА
Създаване/Редакция Създаване
Дата на регистрацията/редакция 11.06.2014
Статус, дата на статуса Цветелина Шанова
Служител, извършил регистрацията/редакцията 30531
944 ## - СЪЗДАВАНЕ И РЕДАКЦИЯ на ЗАПИСА
Създаване/Редакция Редакция
Дата на регистрацията/редакция 28.10.2014
Статус, дата на статуса ф /
999 ## - СИСТЕМНИ КОНТРОЛНИ НОМЕРА
Koha biblioitemnumber 155204
Наличности
Код за отписване Код за изгубен артикул Код за повреда Коз за рестрикции Код за отдаване Артикулен № Име на библиотеката - собственик Име на библиотеката, в която се намира в момента Статус (Текущо местоположение) Дата на вписване в системата Местоположение - отдел Цена в лева Инвентарен номер Систематично азбучна сигнатура Баркод Номер на екземпляра Цена в евро Служебна бележка Служебен тип на артикула Източник на класификационната схема
  Не е изгубен Не е повреден без рестрикции ползва се в читалня 260236 Регионална библиотека "Любен Каравелов" Русе Регионална библиотека "Любен Каравелов" Русе Читалня 2014-06-12 Читалня 19.95 120000778251 Ч 32/Л 94 120000778251 1 10.20 Дост: Pk Вид: Ф N: 400 Дата: 09.06.2014 Дата инв: 22.03.2017 Бележки инв: Ч2017 Книги  
  Не е изгубен Не е повреден без рестрикции заемане за дома 861065 Регионална библиотека "Любен Каравелов" Русе Регионална библиотека "Любен Каравелов" Русе Заемна - подръчен фонд 2021-11-10 Заемна - подръчен фонд 15.95   32/Л 94 Г 120000862276   8.16   Книги Universal Decimal Classification
  Не е изгубен Не е повреден без рестрикции заемане за дома 861066 Регионална библиотека "Любен Каравелов" Русе Регионална библиотека "Любен Каравелов" Русе Заемна - подръчен фонд 2021-11-10 Заемна - подръчен фонд 15.95   32/Л 94 Г 120000862277   8.16   Книги Universal Decimal Classification
Vip Innovations Ltd, Rousse, Bulgaria 2025